000 01789nam a2200469 i 4500
001 37149
003 KOSZ 005
005 20220920151323.0
008 010226s2000 pl |001 0 pol
015 _aPB 2001/2961
020 _a8386543930
040 _aWA N
_cWA N
_dKOSZ 005/HR
041 1 _apol
_heng
046 _k2000
080 _a341.22
080 _a346.52
080 _a(07)
100 1 _aBailey, Georgette T.
_eAutor
245 1 0 _aMiędzynarodowe standardy rachunkowości w praktyce /
_cGeorgette T. Bailey, Ken Wild ; [przekł. Małgorzata Kowalska, Joanna Lankamer, Katarzyna Paluch] ; Fundacja Rozwoju Rachunkowości w Polsce, Deloitte & Touche.
246 1 _iTyt. oryg.:
_aInternational accounting standards :
_ba guide to preparing accounts,
_f1998.
260 _aWarszawa :
_bFRRwP,
_c2000.
300 _a723 s. ;
_c25 cm.
336 _2rdacontent
_aTekst
_btxt
337 _2rdamedia
_aBez urządzenia pośredniczącego
_bn
338 _2rdacarrier
_aWolumin
_bnc
380 _aKsiążki
388 _a1901-2000
388 _a1989-2000
504 _aIndeksy.
650 4 _aMiędzynarodowe Standardy Sprawozdawczości Finansowej (MSSF)
650 4 _aRachunkowość
655 4 _aPodręcznik
658 _aGospodarka, ekonomia, finanse
658 _aPrawo i wymiar sprawiedliwości
700 1 _aLankamer, Joanna
_eTłumaczenie
700 1 _aWild, Ken
_eAutor
700 1 _aKowalska, Małgorzata
_c(tłumacz)
_eTłumaczenie
700 1 _aPaluch, Katarzyna
_eTłumaczenie
856 _uhttp://koha.tu.koszalin.pl/cgi-bin/koha/opac-detail.pl?biblionumber=37149
_yKatalog online BPK
942 _2UKD
_cKS
999 _c37149
_d37149